| 000 | 00391nas a22001457a 4500 | ||
|---|---|---|---|
| 003 | IIN | ||
| 005 | 20260507130601.0 | ||
| 008 | 260507c2019 |||ar|j| |||| 00| 0 eng d | ||
| 040 | _aIIN | ||
| 245 | _aResearch & Review: Journal of Geriatric Nursing and Health Sciences | ||
| 300 | _aVol. 1, No. 1 (Jan. 2019) - | ||
| 310 | _aAnnual | ||
| 650 |
_aGeriatric _vResearch _xNursing |
||
| 942 |
_cSER _s1 |
||
| 999 |
_c1895 _d1895 |
||